| 000 | 00810 a2200169 4500 | ||
|---|---|---|---|
| 003 | Nust | ||
| 005 | 20221220093157.0 | ||
| 040 | _cNust | ||
| 082 | _a320.53,JAC | ||
| 100 |
_aJacobs , Paul _9105254 |
||
| 245 |
_aThe New Radicals _bA Report with Documents / _cPaul Jacobs |
||
| 260 | _bPenguin Books | ||
| 300 | _a330 p; | ||
| 505 | _aThe Movements Themes (Page-13), The Movement Origins (Page-17), SNCC one Man One Vote (Page-24), Students for a Democratic Society (Page-36),The Leftovers (Page-51), The Violet Against Liberal (Page-67), The Vietnam Anti War Campaign (Page-73), Community Organization (Page-78), Ideology Communism and Coalition (Page82-), Conclusion (Page-89), The Documents (Page-93), Chronology of Events (Page-319). | ||
| 650 |
_a New Radicals _9105255 |
||
| 942 |
_2ddc _cBK _k320.53,JAC |
||
| 999 |
_c184909 _d184909 |
||